000 00666nam a2200229 a 4500
001 BRCA_3871
005 20190320204445.0
008 181209s1913----gw-#######---#000-0#ger-#
041 _ager
044 _agw
050 4 _aF1233.5
_b.S35 1913
100 1 _aSchlözer, Kurd.
_910078
245 1 0 _aMexikanische Briefe 1869-1871
_cvon Kurd Schlözer.
260 _aStuttgart, Alemania
_bDeutsche Verlags-Anstalt
_c1913
300 _a97 p.
_c21 cm.
500 _aIncluye índice temático.
500 _aC31
600 1 4 _aSchlözer, Kurd
_cCorrespondencia, memorias, etc.
_910079
650 1 4 _aHistoria
_eMéxico
_y1867-1910
_910080
902 _aGFM
942 _2lcc
_cB
999 _c3599
_d3599